[Event "ChampionshipRT"]
[Site "?"]
[Date "2015.10.09"]
[Round "8.1"]
[White "Nizamov, Ildar"]
[Black "Sharafiev, Azat"]
[Result "1/2-1/2"]
[LiveChessVersion "1.4.6"]
[BlackElo "2419"]
[WhiteElo "2286"]

1. d4 {[%clk 1:29:23]} Nf6 {[%clk 1:30:53]} 2. Nf3 {[%clk 1:29:37]} g6
{[%clk 1:31:15]} 3. g3 {[%clk 1:23:22]} Bg7 {[%clk 1:31:04]} 4. Bg2
{[%clk 1:23:49]} O-O {[%clk 1:31:24]} 5. O-O {[%clk 1:24:12]} d6 {[%clk 1:31:40]}
6. Nbd2 {[%clk 1:14:45]} Nc6 {[%clk 1:20:58]} 7. e4 {[%clk 1:11:21]} Bg4
{[%clk 1:20:53]} 8. c3 {[%clk 1:10:16]} Qc8 {[%clk 1:20:25]} 9. Qc2
{[%clk 1:07:49]} Bh3 {[%clk 1:19:20]} 10. Re1 {[%clk 1:05:48]} Bxg2
{[%clk 1:19:26]} 11. Kxg2 {[%clk 1:06:16]} e6 {[%clk 1:19:17]} 12. Nf1
{[%clk 0:54:53]} b5 {[%clk 1:18:26]} 13. Bg5 {[%clk 0:29:10]} h6 {[%clk 1:14:14]}
14. Bxf6 {[%clk 0:29:36]} Bxf6 {[%clk 1:14:39]} 15. e5 {[%clk 0:29:40]} Bg7
{[%clk 1:13:41]} 16. Qe4 {[%clk 0:29:23]} Ne7 {[%clk 1:04:25]} 17. h4
{[%clk 0:15:47]} Nd5 {[%clk 0:40:00]} 18. Ne3 {[%clk 0:09:58]} Nxe3+
{[%clk 0:29:16]} 19. Rxe3 {[%clk 0:10:20]} Rb8 {[%clk 0:27:49]} 20. h5 g5
{[%clk 0:27:45]} 21. Nh2 {[%clk 0:09:20]} Rd8 {[%clk 0:26:16]} 22. f4
{[%clk 0:07:09]} dxe5 {[%clk 0:25:52]} 23. dxe5 {[%clk 0:07:24]} Rd2+
{[%clk 0:21:15]} 24. Re2 {[%clk 0:07:53]} Rxe2+ {[%clk 0:17:37]} 25. Qxe2
{[%clk 0:08:21]} gxf4 {[%clk 0:18:01]} 26. gxf4 {[%clk 0:08:46]} f5
{[%clk 0:16:51]} 27. exf6 {[%clk 0:06:57]} Bxf6 {[%clk 0:17:16]} 28. Rg1
{[%clk 0:06:11]} Bg7 {[%clk 0:16:38]} 29. Ng4 {[%clk 0:06:23]} Qe8
{[%clk 0:16:08]} 30. Kf2 {[%clk 0:05:00]} Qf8 {[%clk 0:12:36]} 31. Kf3
{[%clk 0:03:02]} Kh8 {[%clk 0:12:40]} 32. Qe4 {[%clk 0:02:36]} Qc5
{[%clk 0:12:30]} 33. Rg2 {[%clk 0:02:40]} Rf8 {[%clk 0:11:24]} 34. Qxe6
{[%clk 0:02:22]} Qxh5 {[%clk 0:10:15]} 35. Kg3 {[%clk 0:01:24]} Qf7
{[%clk 0:04:35]} 36. Qxf7 {[%clk 0:01:52]} Rxf7 {[%clk 0:05:01]} 37. Rh2
{[%clk 0:02:08]} Kh7 {[%clk 0:04:58]} 38. Rh5 {[%clk 0:02:34]} a6
{[%clk 0:05:00]} 39. a4 {[%clk 0:02:37]} c6 {[%clk 0:04:30]} 40. Rc5
{[%clk 0:02:53]} bxa4 {[%clk 0:03:50]} 41. Rxc6 {[%clk 0:02:21]} Rb7
{[%clk 0:03:26]} 42. Rxa6 {[%clk 0:02:48]} Rxb2 {[%clk 0:03:40]} 43. Rxa4
{[%clk 0:02:57]} Rc2 {[%clk 0:03:52]} 44. Rc4 {[%clk 0:03:10]} Rxc3+
{[%clk 0:04:12]} 1/2-1/2

[Event "ChampionshipRT"]
[Site "?"]
[Date "2015.10.09"]
[Round "8.2"]
[White "Makhmutov, Rail"]
[Black "Samusenko, Maksim"]
[Result "1/2-1/2"]
[LiveChessVersion "1.4.6"]
[BlackElo "2334"]
[WhiteElo "2461"]

1. d4 {[%clk 1:30:57]} d6 {[%clk 1:30:50]} 2. e4 {[%clk 1:30:58]} Nf6
{[%clk 1:30:42]} 3. Nc3 {[%clk 1:31:23]} e5 {[%clk 1:30:43]} 4. dxe5
{[%clk 1:31:00]} dxe5 {[%clk 1:30:59]} 5. Qxd8+ {[%clk 1:31:24]} Kxd8
{[%clk 1:31:25]} 6. Bg5 {[%clk 1:31:43]} Be6 {[%clk 1:30:27]} 7. g3
{[%clk 1:27:10]} Kc8 {[%clk 1:27:26]} 8. f4 {[%clk 1:15:33]} Bb4 {[%clk 1:19:53]}
9. Bd3 {[%clk 1:05:47]} exf4 {[%clk 1:15:56]} 10. gxf4 {[%clk 1:03:50]} Bxc3+
{[%clk 1:12:30]} 11. bxc3 {[%clk 1:04:14]} Na6 {[%clk 1:12:51]} 12. Nf3
{[%clk 0:58:03]} Nc5 {[%clk 1:03:10]} 13. f5 {[%clk 0:37:12]} 1/2-1/2

[Event "ChampionshipRT"]
[Site "?"]
[Date "2015.10.09"]
[Round "8.3"]
[White "Faizrakhmanov, Ramil"]
[Black "Glukhov, Alexander"]
[Result "1-0"]
[LiveChessVersion "1.4.6"]
[BlackElo "2287"]
[WhiteElo "2389"]

1. d4 d5 {[%clk 1:28:40]} 2. Nf3 {[%clk 1:31:09]} Nf6 {[%clk 1:28:57]} 3. c4
{[%clk 1:31:13]} e6 {[%clk 1:29:01]} 4. Nc3 {[%clk 1:30:07]} dxc4
{[%clk 1:29:14]} 5. e3 {[%clk 1:29:28]} a6 {[%clk 1:29:22]} 6. a4
{[%clk 1:27:02]} c5 {[%clk 1:29:40]} 7. Bxc4 {[%clk 1:27:12]} Nc6
{[%clk 1:30:05]} 8. O-O {[%clk 1:27:34]} cxd4 {[%clk 1:26:41]} 9. exd4
{[%clk 1:27:38]} Be7 {[%clk 1:27:06]} 10. Bg5 {[%clk 1:25:24]} O-O
{[%clk 1:27:24]} 11. Qd2 {[%clk 1:22:42]} Nd5 {[%clk 0:42:58]} 12. Nxd5
{[%clk 1:15:36]} exd5 {[%clk 0:43:12]} 13. Bxe7 {[%clk 1:14:46]} Nxe7
{[%clk 0:43:38]} 14. Ba2 {[%clk 1:14:29]} Qd6 {[%clk 0:40:01]} 15. Ne5
{[%clk 1:11:32]} Nc6 {[%clk 0:40:07]} 16. Rac1 {[%clk 1:08:37]} Be6
{[%clk 0:37:47]} 17. Nxc6 {[%clk 1:06:46]} bxc6 {[%clk 0:38:16]} 18. Rc5
{[%clk 1:05:36]} Rfb8 {[%clk 0:35:17]} 19. Qc3 {[%clk 0:58:35]} Bd7
{[%clk 0:35:14]} 20. b4 {[%clk 0:54:09]} Rb7 {[%clk 0:31:39]} 21. Rb1
{[%clk 0:52:58]} Rab8 {[%clk 0:30:49]} 22. h3 {[%clk 0:51:45]} g6
{[%clk 0:30:12]} 23. Rb2 {[%clk 0:50:08]} Kg7 {[%clk 0:30:36]} 24. a5
{[%clk 0:49:57]} Rb5 {[%clk 0:18:59]} 25. Bb1 {[%clk 0:47:37]} Rxc5
{[%clk 0:15:06]} 26. bxc5 {[%clk 0:47:35]} Qf4 {[%clk 0:15:13]} 27. Rb6
{[%clk 0:44:57]} Re8 {[%clk 0:06:16]} 28. Bd3 {[%clk 0:43:05]} Bxh3
{[%clk 0:02:07]} 29. gxh3 {[%clk 0:41:19]} Qf3 {[%clk 0:02:33]} 30. Qd2
{[%clk 0:39:12]} Qxh3 {[%clk 0:02:57]} 31. Bf1 {[%clk 0:38:23]} Qg4+
{[%clk 0:03:26]} 32. Bg2 {[%clk 0:38:18]} Re2 {[%clk 0:03:54]} 33. Qd1
{[%clk 0:38:07]} Qe6 {[%clk 0:04:23]} 34. Rb1 {[%clk 0:38:26]} Ra2
{[%clk 0:04:48]} 35. Qd3 {[%clk 0:37:50]} Rxa5 {[%clk 0:05:03]} 36. Qe3
{[%clk 0:35:54]} Qf6 {[%clk 0:01:28]} 37. Rd1 {[%clk 0:29:10]} Ra2
{[%clk 0:00:59]} 38. Qf3 {[%clk 0:28:13]} Qh4 {[%clk 0:01:01]} 39. Qg3
{[%clk 0:26:12]} Qxg3 {[%clk 0:00:32]} 40. fxg3 {[%clk 0:26:37]} a5
{[%clk 0:00:45]} 41. Rc1 {[%clk 0:24:25]} Rb2 {[%clk 0:00:57]} 42. Ra1
{[%clk 0:24:43]} Rb4 {[%clk 0:01:03]} 43. Rxa5 {[%clk 0:25:07]} Rxd4
{[%clk 0:01:32]} 44. Ra6 {[%clk 0:25:31]} Kf6 {[%clk 0:00:34]} 45. Rxc6+
{[%clk 0:25:50]} Ke7 {[%clk 0:00:37]} 46. Rc7+ {[%clk 0:20:37]} Ke6
{[%clk 0:00:58]} 47. Bh3+ {[%clk 0:20:41]} f5 {[%clk 0:00:57]} 48. Rxh7
{[%clk 0:21:03]} Rc4 {[%clk 0:01:14]} 49. Rg7 {[%clk 0:19:01]} Kf6
{[%clk 0:01:40]} 50. Rc7 {[%clk 0:19:09]} Ke5 {[%clk 0:02:01]} 51. Rc8
{[%clk 0:15:08]} Rc2 {[%clk 0:00:32]} 52. c6 {[%clk 0:11:19]} Kd4
{[%clk 0:00:42]} 53. c7 {[%clk 0:10:29]} Rc3 {[%clk 0:00:33]} 54. Bg2
{[%clk 0:09:57]} Rc1+ {[%clk 0:00:47]} 55. Kh2 {[%clk 0:10:02]} Rc2
{[%clk 0:00:53]} 56. Kh3 {[%clk 0:10:20]} g5 {[%clk 0:00:34]} 57. Bxd5
{[%clk 0:10:26]} Kxd5 1-0

[Event "ChampionshipRT"]
[Site "?"]
[Date "2015.10.09"]
[Round "8.4"]
[White "Murtazin, Bulat"]
[Black "Yandemirov, Valeri"]
[Result "0-1"]
[LiveChessVersion "1.4.6"]
[BlackElo "2376"]
[WhiteElo "2384"]

1. c4 {[%clk 1:30:58]} Nf6 {[%clk 1:26:25]} 2. g3 {[%clk 1:31:15]} c6
{[%clk 1:25:48]} 3. Bg2 {[%clk 1:31:39]} d5 {[%clk 1:25:31]} 4. Nf3
{[%clk 1:32:01]} g6 {[%clk 1:25:45]} 5. b3 {[%clk 1:32:19]} Bg7 {[%clk 1:26:09]}
6. Bb2 {[%clk 1:32:43]} O-O {[%clk 1:26:34]} 7. O-O {[%clk 1:33:08]} Bf5
{[%clk 1:26:37]} 8. d3 {[%clk 1:32:28]} Qd7 {[%clk 1:26:47]} 9. Nbd2
{[%clk 1:28:40]} Bh3 {[%clk 1:26:33]} 10. Rc1 {[%clk 1:26:48]} Bxg2
{[%clk 1:26:23]} 11. Kxg2 {[%clk 1:27:14]} Na6 {[%clk 1:19:00]} 12. Re1
{[%clk 1:00:30]} Rfd8 {[%clk 1:15:35]} 13. Qc2 {[%clk 0:56:48]} c5
{[%clk 1:05:53]} 14. cxd5 {[%clk 0:30:06]} Qxd5 {[%clk 1:03:38]} 15. d4
{[%clk 0:29:17]} cxd4 {[%clk 0:51:44]} 16. Bxd4 {[%clk 0:29:32]} Nb4
{[%clk 0:51:02]} 17. Qb1 {[%clk 0:19:05]} Nc6 {[%clk 0:45:44]} 18. Bxf6
{[%clk 0:18:12]} Bxf6 {[%clk 0:36:51]} 19. Ne4 {[%clk 0:18:38]} Bg7
{[%clk 0:36:00]} 20. Rc5 {[%clk 0:13:03]} Qe6 {[%clk 0:33:53]} 21. Rec1
{[%clk 0:06:35]} h6 {[%clk 0:26:42]} 22. R5c4 {[%clk 0:04:26]} Nd4
{[%clk 0:15:27]} 23. Rc7 {[%clk 0:04:33]} Nb5 {[%clk 0:14:12]} 24. Nc5
{[%clk 0:04:00]} Qd5 {[%clk 0:10:44]} 25. Rxe7 {[%clk 0:00:38]} Nc3
{[%clk 0:10:20]} 26. Rxc3 {[%clk 0:01:07]} Bxc3 {[%clk 0:10:45]} 27. Nd3
{[%clk 0:00:57]} Bf6 {[%clk 0:07:42]} 28. Rc7 {[%clk 0:00:42]} Rac8
{[%clk 0:07:32]} 29. Nf4 {[%clk 0:01:00]} Qb5 {[%clk 0:06:57]} 30. a4
{[%clk 0:01:03]} Qa6 {[%clk 0:06:51]} 31. Rxc8 {[%clk 0:00:42]} Rxc8
{[%clk 0:07:15]} 32. Nd5 {[%clk 0:01:11]} Qe6 {[%clk 0:06:25]} 33. Qe4
{[%clk 0:01:36]} Rc6 {[%clk 0:05:52]} 34. Qd3 {[%clk 0:01:46]} Bg7
{[%clk 0:05:20]} 35. e4 {[%clk 0:01:23]} Rc8 {[%clk 0:03:46]} 36. Nd2
{[%clk 0:00:51]} Kh7 {[%clk 0:03:50]} 37. Nc4 {[%clk 0:00:58]} Rd8
{[%clk 0:02:51]} 38. Nce3 {[%clk 0:01:14]} Re8 {[%clk 0:02:44]} 39. f3
{[%clk 0:01:29]} Qc6 {[%clk 0:03:01]} 40. f4 {[%clk 0:01:41]} Qe6
{[%clk 0:01:30]} 41. Kf3 {[%clk 0:01:32]} Rc8 {[%clk 0:01:30]} 42. g4
{[%clk 0:01:37]} Qc6 {[%clk 0:01:37]} 43. e5 {[%clk 0:01:09]} Qc1
{[%clk 0:01:49]} 44. Kg2 {[%clk 0:01:29]} Qb2+ {[%clk 0:01:56]} 45. Kh3
{[%clk 0:01:32]} Qf2 {[%clk 0:01:45]} 46. Nc4 {[%clk 0:01:29]} Rd8
{[%clk 0:01:38]} 47. Nd6 {[%clk 0:01:42]} Qc5 {[%clk 0:01:28]} 48. b4
{[%clk 0:01:39]} Qc6 {[%clk 0:01:49]} 49. Kg3 {[%clk 0:00:51]} a5
{[%clk 0:01:11]} 50. bxa5 {[%clk 0:00:56]} Qc5 {[%clk 0:01:20]} 51. Qf3
{[%clk 0:00:43]} Qd4 {[%clk 0:01:33]} 52. Kh3 {[%clk 0:00:40]} Ra8
{[%clk 0:01:26]} 53. Nxb7 {[%clk 0:00:56]} Rc8 {[%clk 0:01:03]} 54. a6
{[%clk 0:00:52]} Rc2 {[%clk 0:01:17]} 55. a7 {[%clk 0:00:43]} Qxa7
{[%clk 0:01:08]} 56. Nd6 {[%clk 0:00:36]} Qg1 {[%clk 0:01:31]} 57. Qg3
{[%clk 0:01:03]} Qf1+ {[%clk 0:01:47]} 58. Kh4 {[%clk 0:01:30]} Qh1
{[%clk 0:02:03]} 59. Kh3 {[%clk 0:00:32]} Qxd5 {[%clk 0:02:25]} 60. f5
{[%clk 0:00:49]} Bxe5 {[%clk 0:02:33]} 61. Ne8 {[%clk 0:00:45]} Rxh2+
{[%clk 0:01:56]} 0-1

[Event "ChampionshipRT"]
[Site "?"]
[Date "2015.10.09"]
[Round "8.5"]
[White "Toropov, Pavel"]
[Black "Gilyazitdinov, Nikita"]
[Result "1-0"]
[LiveChessVersion "1.4.6"]
[BlackElo "2015"]
[WhiteElo "2262"]

1. d4 {[%clk 1:28:54]} Nf6 {[%clk 1:30:54]} 2. c4 {[%clk 1:29:20]} c5
{[%clk 1:31:20]} 3. Nf3 {[%clk 1:29:45]} cxd4 {[%clk 1:31:45]} 4. Nxd4
{[%clk 1:30:10]} b6 {[%clk 1:32:01]} 5. f3 {[%clk 1:27:31]} e6 {[%clk 1:31:51]}
6. e4 {[%clk 1:27:46]} d6 {[%clk 1:32:09]} 7. Nc3 {[%clk 1:27:31]} Be7
{[%clk 1:32:26]} 8. Be2 {[%clk 1:26:43]} O-O {[%clk 1:32:42]} 9. O-O
{[%clk 1:26:01]} Bb7 {[%clk 1:31:46]} 10. Kh1 {[%clk 1:25:48]} a6
{[%clk 1:32:07]} 11. Be3 {[%clk 1:23:58]} Qc7 {[%clk 1:32:26]} 12. Rc1
{[%clk 1:23:10]} Nbd7 {[%clk 1:32:45]} 13. Qe1 {[%clk 1:19:16]} Rac8
{[%clk 1:32:18]} 14. Qg3 {[%clk 1:17:15]} Kh8 {[%clk 1:30:35]} 15. Rfd1
{[%clk 0:55:47]} Qb8 {[%clk 1:30:43]} 16. Qf2 {[%clk 0:48:53]} Bd8
{[%clk 1:29:54]} 17. b4 {[%clk 0:37:48]} Bc7 {[%clk 1:29:34]} 18. Bg5
{[%clk 0:27:10]} Rfe8 {[%clk 1:22:11]} 19. Qh4 {[%clk 0:24:17]} Bd8
{[%clk 1:18:06]} 20. Qf2 {[%clk 0:01:20]} Ne5 {[%clk 1:17:53]} 21. Qf1
{[%clk 0:01:35]} Ng6 {[%clk 1:17:24]} 22. Nb3 {[%clk 0:01:44]} h6
{[%clk 1:06:31]} 23. Be3 {[%clk 0:02:13]} Bc7 {[%clk 1:01:36]} 24. Bg1
{[%clk 0:02:29]} Nf4 {[%clk 0:59:18]} 25. c5 {[%clk 0:02:34]} Nxe2
{[%clk 0:51:03]} 26. Qxe2 {[%clk 0:02:55]} dxc5 {[%clk 0:36:07]} 27. bxc5
{[%clk 0:03:24]} b5 {[%clk 0:36:16]} 28. Rb1 {[%clk 0:01:54]} Be5
{[%clk 0:33:07]} 29. Qc2 {[%clk 0:02:01]} Qc7 {[%clk 0:31:00]} 30. Ne2
{[%clk 0:02:05]} Ng8 {[%clk 0:24:27]} 31. Ned4 {[%clk 0:00:56]} Ne7
{[%clk 0:24:04]} 32. Rbc1 {[%clk 0:01:22]} Red8 {[%clk 0:23:01]} 33. Qe2
{[%clk 0:01:16]} Bf4 {[%clk 0:21:19]} 34. Rb1 {[%clk 0:01:15]} e5
{[%clk 0:19:00]} 35. Nc2 {[%clk 0:01:29]} Nc6 {[%clk 0:18:35]} 36. Ne3
{[%clk 0:01:32]} Nd4 {[%clk 0:18:30]} 37. Nxd4 {[%clk 0:01:59]} exd4
{[%clk 0:18:56]} 38. Nf5 {[%clk 0:02:24]} d3 {[%clk 0:12:43]} 39. Rxd3
{[%clk 0:02:47]} Rxd3 {[%clk 0:12:55]} 40. Qxd3 {[%clk 0:03:16]} Rd8
{[%clk 0:12:26]} 41. Qb3 {[%clk 0:03:41]} Be5 {[%clk 0:10:09]} 42. Rd1
{[%clk 0:03:37]} Kg8 {[%clk 0:05:52]} 43. Rd3 {[%clk 0:02:19]} Bc8
{[%clk 0:04:27]} 44. Qd1 {[%clk 0:01:36]} Rxd3 {[%clk 0:03:55]} 45. Qxd3
{[%clk 0:02:05]} Be6 {[%clk 0:03:06]} 46. a3 {[%clk 0:02:14]} Bc4
{[%clk 0:03:22]} 47. Qd2 {[%clk 0:02:26]} Bf4 {[%clk 0:02:17]} 48. Qc3
{[%clk 0:02:45]} f6 {[%clk 0:01:44]} 49. g3 {[%clk 0:01:48]} Be5 {[%clk 0:02:11]}
50. Qd2 {[%clk 0:02:14]} Be6 {[%clk 0:00:41]} 51. Nd6 {[%clk 0:02:28]} Bxd6
{[%clk 0:00:46]} 52. cxd6 {[%clk 0:02:57]} Qc6 {[%clk 0:01:04]} 53. Kg2
{[%clk 0:03:20]} Kf7 {[%clk 0:01:18]} 54. g4 {[%clk 0:03:25]} Ke8
{[%clk 0:01:34]} 55. Qd4 {[%clk 0:03:40]} Qd7 {[%clk 0:00:35]} 56. Be3
{[%clk 0:03:50]} a5 {[%clk 0:00:45]} 57. Qc5 {[%clk 0:03:59]} a4 {[%clk 0:00:50]}
58. Kg3 {[%clk 0:04:17]} Kf7 {[%clk 0:00:41]} 59. Bd4 {[%clk 0:04:43]} Bc4
{[%clk 0:00:48]} 60. f4 {[%clk 0:02:56]} Be6 {[%clk 0:01:05]} 61. h3
{[%clk 0:03:18]} Qb7 {[%clk 0:01:02]} 62. f5 {[%clk 0:02:59]} Bd7
{[%clk 0:01:18]} 63. e5 {[%clk 0:03:24]} fxe5 64. Qxe5 {[%clk 0:03:53]} Bc8
{[%clk 0:00:39]} 65. Qxg7+ {[%clk 0:03:48]} Ke8 {[%clk 0:01:06]} 66. Qg8+
{[%clk 0:04:10]} Kd7 {[%clk 0:01:29]} 67. Qe6+ {[%clk 0:04:36]} Kc6
{[%clk 0:01:40]} 68. d7+ {[%clk 0:05:01]} 1-0

[Event "ChampionshipRT"]
[Site "?"]
[Date "2015.10.09"]
[Round "8.6"]
[White "Rodchenkov, Vitaly"]
[Black "Nizamov, Bulat"]
[Result "1/2-1/2"]
[LiveChessVersion "1.4.6"]
[BlackElo "2091"]
[WhiteElo "2327"]

1. e4 {[%clk 1:30:57]} e5 {[%clk 1:24:11]} 2. Nf3 {[%clk 1:29:35]} Nc6
{[%clk 1:24:36]} 3. d4 {[%clk 1:29:58]} exd4 {[%clk 1:25:00]} 4. Nxd4
{[%clk 1:30:23]} Nf6 {[%clk 1:25:24]} 5. Nxc6 {[%clk 1:30:44]} bxc6
{[%clk 1:25:47]} 6. Qe2 {[%clk 1:30:48]} Qe7 {[%clk 1:24:59]} 7. Nc3
{[%clk 1:30:56]} a5 {[%clk 1:17:09]} 8. Bf4 {[%clk 1:30:28]} Ba6 {[%clk 1:06:18]}
9. Qf3 {[%clk 1:28:14]} Nd5 {[%clk 0:58:06]} 10. Bxa6 {[%clk 1:27:50]} Rxa6
{[%clk 0:57:10]} 11. Qe2 {[%clk 1:10:18]} Nxf4 {[%clk 0:45:37]} 12. Qxa6
{[%clk 1:10:42]} Nxg2+ {[%clk 0:44:58]} 13. Kf1 {[%clk 1:10:51]} Nf4
{[%clk 0:45:20]} 14. Qa8+ {[%clk 1:01:21]} Qd8 {[%clk 0:45:47]} 15. Qxa5
{[%clk 1:01:35]} Be7 {[%clk 0:38:02]} 16. Ne2 {[%clk 1:01:02]} Ne6
{[%clk 0:37:33]} 17. Rd1 {[%clk 0:59:31]} Bc5 {[%clk 0:34:59]} 18. b4
{[%clk 0:56:30]} Bb6 {[%clk 0:31:49]} 19. Qf5 {[%clk 0:56:11]} Qh4
{[%clk 0:27:31]} 20. Ng3 {[%clk 0:48:11]} g6 {[%clk 0:25:21]} 21. Qf3
{[%clk 0:48:38]} O-O {[%clk 0:20:59]} 22. c3 {[%clk 0:44:26]} d5 {[%clk 0:11:20]}
23. h3 {[%clk 0:43:34]} f5 {[%clk 0:06:47]} 24. exf5 {[%clk 0:40:25]} Ng7
{[%clk 0:07:04]} 25. Qg4 {[%clk 0:38:49]} Nxf5 {[%clk 0:04:21]} 26. Qxh4
{[%clk 0:38:56]} Nxh4 {[%clk 0:04:46]} 27. Rd2 {[%clk 0:38:37]} Rf3
{[%clk 0:04:03]} 28. Rc2 {[%clk 0:37:26]} c5 {[%clk 0:03:49]} 29. a4
{[%clk 0:37:28]} cxb4 {[%clk 0:03:22]} 30. cxb4 {[%clk 0:37:56]} d4
{[%clk 0:03:47]} 31. a5 {[%clk 0:36:44]} d3 {[%clk 0:04:15]} 32. Ra2
{[%clk 0:36:40]} Ba7 {[%clk 0:02:33]} 33. b5 {[%clk 0:33:17]} Rf4
{[%clk 0:02:45]} 34. Rd2 {[%clk 0:26:55]} Rd4 {[%clk 0:02:45]} 35. Ne2
{[%clk 0:27:12]} dxe2+ {[%clk 0:03:05]} 36. Kxe2 {[%clk 0:27:41]} Nf3
{[%clk 0:01:31]} 37. Rd3 {[%clk 0:26:57]} Rxd3 {[%clk 0:01:44]} 38. Kxd3
{[%clk 0:27:21]} Ne5+ {[%clk 0:02:09]} 39. Ke2 {[%clk 0:25:32]} Nc4
{[%clk 0:02:02]} 40. Rc1 {[%clk 0:20:57]} Nxa5 {[%clk 0:02:31]} 41. Rxc7
{[%clk 0:21:21]} Bb6 {[%clk 0:02:49]} 42. Rd7 {[%clk 0:21:47]} Bc5
{[%clk 0:02:30]} 43. f4 {[%clk 0:21:39]} Bg1 {[%clk 0:02:27]} 44. Kd3
{[%clk 0:21:41]} Bb6 {[%clk 0:01:30]} 45. Ke4 {[%clk 0:21:23]} Bg1
{[%clk 0:01:32]} 46. f5 {[%clk 0:20:46]} gxf5+ {[%clk 0:01:53]} 47. Kxf5
{[%clk 0:21:14]} Bf2 {[%clk 0:01:49]} 48. Kf6 {[%clk 0:21:03]} Bh4+
{[%clk 0:01:35]} 49. Ke6 {[%clk 0:21:26]} Bf2 {[%clk 0:02:00]} 50. Kf5
{[%clk 0:20:40]} Nc4 {[%clk 0:01:38]} 51. Kf6 {[%clk 0:20:26]} Bh4+
{[%clk 0:01:51]} 52. Ke6 {[%clk 0:20:54]} Bf2 {[%clk 0:02:07]} 53. Rc7
{[%clk 0:19:54]} Na5 {[%clk 0:02:06]} 54. Rc2 {[%clk 0:19:04]} Bb6
{[%clk 0:02:24]} 55. Ke7 {[%clk 0:19:26]} Kg7 {[%clk 0:02:19]} 56. Rg2+
{[%clk 0:18:29]} Kh6 {[%clk 0:02:49]} 57. Kf7 {[%clk 0:18:58]} Nc4
{[%clk 0:01:54]} 58. Ke7 {[%clk 0:18:15]} Kh5 {[%clk 0:01:29]} 59. Rg4
{[%clk 0:17:58]} Ne5 {[%clk 0:01:15]} 60. Re4 {[%clk 0:17:52]} Nf3
{[%clk 0:01:22]} 61. Re6 {[%clk 0:16:20]} Bg1 {[%clk 0:01:28]} 62. b6
{[%clk 0:15:01]} Bxb6 {[%clk 0:01:54]} 63. Rxb6 {[%clk 0:15:29]} Ng5
{[%clk 0:02:06]} 64. Rb3 {[%clk 0:15:21]} Kh4 {[%clk 0:02:28]} 65. Kf6
{[%clk 0:15:41]} Nxh3 {[%clk 0:02:23]} 66. Kf5 {[%clk 0:15:43]} h5
{[%clk 0:02:06]} 67. Rf3 {[%clk 0:15:53]} Ng1 {[%clk 0:02:11]} 68. Rf1
{[%clk 0:15:53]} Nh3 {[%clk 0:01:30]} 69. Ra1 {[%clk 0:16:00]} Nf2
{[%clk 0:00:40]} 70. Ra3 {[%clk 0:16:01]} Nh3 {[%clk 0:01:01]} 71. Ra4+
{[%clk 0:16:08]} Kg3 {[%clk 0:01:21]} 72. Rb4 {[%clk 0:16:36]} Nf2
{[%clk 0:01:07]} 73. Kg5 {[%clk 0:16:48]} Kf3 {[%clk 0:01:29]} 74. Kxh5
{[%clk 0:17:08]} Ke3 {[%clk 0:01:42]} 75. Kg5 {[%clk 0:17:33]} Nd3
{[%clk 0:01:55]} 76. Rh4 {[%clk 0:17:55]} Kd2 {[%clk 0:01:36]} 77. Kf5
{[%clk 0:18:21]} Kc3 {[%clk 0:01:50]} 78. Rh8 {[%clk 0:18:41]} Kd4
{[%clk 0:02:01]} 79. Rd8+ {[%clk 0:19:02]} Ke3 {[%clk 0:02:20]} 80. Rd6
{[%clk 0:19:26]} Nf2 {[%clk 0:02:30]} 81. Re6+ {[%clk 0:19:36]} Kd4
{[%clk 0:02:28]} 82. Kf4 {[%clk 0:19:44]} Nd3+ {[%clk 0:02:41]} 83. Kf3
{[%clk 0:20:12]} Ne5+ {[%clk 0:02:54]} 84. Rxe5 {[%clk 0:20:37]} Kxe5 85. Ke4+
1/2-1/2

[Event "ChampionshipRT"]
[Site "?"]
[Date "2015.10.09"]
[Round "8.7"]
[White "Ospennikov, Dmitry V"]
[Black "Samusenko, Aleksandr V"]
[Result "1/2-1/2"]
[LiveChessVersion "1.4.6"]
[BlackElo "2325"]
[WhiteElo "2296"]

1. c4 {[%clk 1:30:56]} g6 {[%clk 1:30:44]} 2. g3 {[%clk 1:31:15]} Bg7
{[%clk 1:31:03]} 3. Bg2 {[%clk 1:31:40]} d6 {[%clk 1:31:16]} 4. Nc3
{[%clk 1:31:56]} e5 {[%clk 1:31:27]} 5. e3 {[%clk 1:31:30]} Nf6 {[%clk 1:31:14]}
6. Nge2 {[%clk 1:31:43]} O-O {[%clk 1:31:40]} 7. O-O {[%clk 1:31:58]} c6
{[%clk 1:31:19]} 8. b3 {[%clk 1:29:07]} Be6 {[%clk 1:28:18]} 9. h3
{[%clk 1:29:21]} d5 {[%clk 1:19:54]} 10. cxd5 {[%clk 1:27:56]} Nxd5
{[%clk 1:20:02]} 11. Ba3 {[%clk 1:28:04]} Nxc3 {[%clk 1:16:41]} 12. dxc3
{[%clk 1:27:09]} Re8 {[%clk 1:12:39]} 13. Qxd8 {[%clk 1:24:46]} Rxd8
{[%clk 1:13:03]} 14. Rad1 {[%clk 1:25:09]} Rxd1 {[%clk 0:59:46]} 15. Rxd1
{[%clk 1:24:06]} Nd7 {[%clk 1:00:10]} 16. c4 {[%clk 1:18:10]} a5 {[%clk 0:58:07]}
17. Nc3 {[%clk 1:17:24]} f5 {[%clk 0:58:21]} 18. Bd6 {[%clk 1:13:31]} e4
{[%clk 0:46:57]} 19. Ne2 {[%clk 1:13:15]} Ne5 {[%clk 0:45:52]} 20. Nf4
{[%clk 1:12:59]} Bf7 {[%clk 0:44:51]} 21. g4 {[%clk 1:08:25]} fxg4
{[%clk 0:31:52]} 22. hxg4 {[%clk 1:04:40]} Nxg4 {[%clk 0:29:29]} 23. Bxe4
{[%clk 1:03:52]} Rd8 {[%clk 0:25:43]} 24. Rd3 {[%clk 1:00:41]} Nf6
{[%clk 0:24:10]} 25. Bg2 {[%clk 0:59:25]} g5 {[%clk 0:21:54]} 26. Nh3
{[%clk 0:58:36]} Ne8 {[%clk 0:19:21]} 27. c5 {[%clk 0:58:27]} h6 {[%clk 0:16:10]}
28. f4 {[%clk 0:54:35]} Bf8 {[%clk 0:14:46]} 29. fxg5 {[%clk 0:54:30]} Bg6
{[%clk 0:13:34]} 30. Rd4 {[%clk 0:54:12]} Nxd6 {[%clk 0:13:43]} 31. cxd6
{[%clk 0:54:07]} Rxd6 {[%clk 0:13:54]} 32. Rxd6 {[%clk 0:53:17]} Bxd6
{[%clk 0:14:22]} 33. gxh6 {[%clk 0:53:34]} Kh7 {[%clk 0:13:57]} 34. Ng5+
{[%clk 0:53:31]} Kxh6 {[%clk 0:14:21]} 35. Ne4 {[%clk 0:53:56]} Be7
{[%clk 0:14:22]} 36. Kf2 {[%clk 0:54:10]} Kg7 {[%clk 0:14:36]} 37. Ke2
{[%clk 0:53:21]} Kf7 {[%clk 0:14:58]} 38. Kd3 {[%clk 0:53:39]} Ke6
{[%clk 0:15:03]} 39. Kd4 {[%clk 0:54:02]} Bxe4 {[%clk 0:14:41]} 1/2-1/2